000 00534nam a2200181Ia 4500
005 20250326125525.0
008 250326s9999 xx 000 0 und d
037 _aTextbook
040 _aFMSL
_beng
_cFMSL
041 _aeng
_2eng
084 _aB281 L31
_qFMSL
100 _aStempell D
_9739218
245 0 _aProgrammed introducation to the theory of probability
_cStempell D
260 _aLondon
_bLondon, Verlag Die Wirtschaft Berlin
_c1973
300 _a168p
942 _cTB
_hB281 L31
999 _c1278427
_d1278427